Signatures of the artist :the vital imperfections that make our universe habitable
Guardat en:
| Autor principal: | |
|---|---|
| Format: | Llibre |
| Idioma: | anglès |
| Publicat: |
Oxford University Press
2018
|
| Etiquetes: |
Afegir etiqueta
Sense etiquetes, Sigues el primer a etiquetar aquest registre!
|
MARC
| LEADER | 00000nam a22000007a 4500 | ||
|---|---|---|---|
| 008 | 210621b ||||| |||| 00| 0 eng d | ||
| 020 | |a 9780198814825 | ||
| 100 | |a VIGDOR, STEPHEN E. | ||
| 245 | |a Signatures of the artist |b :the vital imperfections that make our universe habitable |c Steven E. Vigdor |g xv, 345p.;ill. | ||
| 260 | |b Oxford University Press |c 2018 |h United Kingdom |i 696184 |i 696185 |i 696186 |l QB 461.3.V68 |m Astrophysics--Popular works |m Cosmology--Popular works |m Life--Origin | ||
| 500 | |a It includes index and references | ||
| 942 | |a lcc |c BK |e Kuteyi, M. A. |f 21/06/2021 | ||
| 952 | |0 0 |1 0 |2 lcc |4 0 |6 QB04613 V68 |7 0 |9 2660 |a HOL |b HOL |c QZ |d 2021-06-21 |l 0 |o QB461.3.V68 |p 2021-6507 |r 2021-06-21 00:00:00 |w 2021-06-21 |y BK | ||
| 952 | |0 0 |1 0 |2 lcc |4 0 |6 QB04613 V68 |7 0 |9 2661 |a HOL |b HOL |c QZ |d 2021-06-21 |l 0 |o QB461.3.V68 |p 2021-6508 |r 2021-06-21 00:00:00 |w 2021-06-21 |y BK | ||
| 952 | |0 0 |1 0 |2 lcc |4 0 |6 QB04613 V68 |7 0 |9 2662 |a HOL |b SL |c QZ |d 2021-06-21 |l 0 |o QB461.3.V68 |p 2021-6509 |r 2021-06-21 00:00:00 |w 2021-06-21 |y BK | ||
| 999 | |c 1389 |d 1389 | ||